GLOBAL ECONOMIC & FINANCIAL CRISIS (Record no. 2949)

MARC details
000 -LEADER
fixed length control field 00438nam a22001697a 4500
005 - DATE AND TIME OF LATEST TRANSACTION
control field 20210807142554.0
008 - FIXED-LENGTH DATA ELEMENTS--GENERAL INFORMATION
fixed length control field 160616b xxu||||| |||| 00| 0 eng d
020 ## - INTERNATIONAL STANDARD BOOK NUMBER
ISBN 978-81-3699-9
041 ## - LANGUAGE CODE
Language code of text/sound track or separate title eng
082 ## - DEWEY DECIMAL CLASSIFICATION NUMBER
Item number 7980
Classification number 658
100 ## - MAIN ENTRY--AUTHOR NAME
Personal name Essays from Economics and Political weekly
245 ## - TITLE STATEMENT
Title GLOBAL ECONOMIC & FINANCIAL CRISIS
260 ## - PUBLICATION, DISTRIBUTION, ETC. (IMPRINT)
Name of publisher Orient black swan
Year of publication 2009
300 ## - PHYSICAL DESCRIPTION
Number of Pages 364
650 ## - SUBJECT ADDED ENTRY--TOPICAL TERM
Topical Term Management
942 ## - ADDED ENTRY ELEMENTS (KOHA)
Koha item type Books
Holdings
Lost status Damaged status Collection code Home library Current library Shelving location Date acquired Cost, normal purchase price Full call number Accession Number Koha item type
    LIFE SKILL JRU Library JRU Library SHELF-71-E 16/06/2016 350.00 658 7980 Books